| 000 | 01506namaa22003491i 4500 | ||
|---|---|---|---|
| 003 | EG-GICUC | ||
| 005 | 20260416142144.0 | ||
| 008 | 260416s2025 ua ab||jr|||| 001 0 ara d | ||
| 017 |
_a2025 / 3907 _bدار الكتب والوثائق القومية (مصر) |
||
| 020 | _a9789779147734 | ||
| 040 |
_aEG-GiCUC _bara _cEG-GiCUC _dEG-GiCUC _erda |
||
| 082 | 0 | 4 |
_221 _a296.3 _bG3466 |
| 092 | 0 | 4 |
_221 _a296.3 _bG3466 |
| 099 | _a296.3 G3466 | ||
| 100 | 1 |
_aالغباري، محمد _eمؤلف. |
|
| 245 | 1 | 0 |
_aقراءة في الفكر الإستراتيجي لليهود من كتبهم المقدسة لإقامة الدولة اليهودية / _cمحمد الغباري |
| 250 | _aالطبعة الأولى | ||
| 264 |
_aالقاهرة (مصر) : _bالهيئة المصرية العمة للكتاب, _c2025 |
||
| 300 |
_a388صفحة _bإيضاحيات، مثيليات ؛ _c24 سم |
||
| 336 |
_2rdacontent _atext |
||
| 337 |
_2rdamedia _aUnmediated |
||
| 338 |
_2rdacarrier _avolume |
||
| 504 | _aيشتمل على إرجاعات بيبليوجرافية | ||
| 541 |
_aوزارة الثقافة ؛ _bالقاهرة ؛ _cإهداء ؛ _d2023. |
||
| 650 | 1 | 7 |
_aالكتب المقدسة _2qrmak |
| 650 | 1 | 7 |
_aالوعد الإلهي ومفهوم "الأرض الموعودة" _2qrmak |
| 650 | 1 | 7 |
_aالخروج والفتح (النموذج الأول للدولة) _2qrmak |
| 651 | 1 | _2qrmak | |
| 700 | 1 |
_aأحمد محمد حسن _eمراجع. |
|
| 905 | _aSamah | ||
| 942 |
_2ddc _cBK _e21 _n0 |
||
| 999 |
_c179532 _d179532 |
||